000 00993 a2200253 4500
999 _c4136
_d4136
020 _a1779050615
020 _a1779050607 (cover)
050 0 0 _aLB 2832.4 MAH 1997
100 1 _aMahlase, Shirley Motleke
245 1 4 _aThe careers of women teachers under apartheid /
_cShirley Motleke Mahlase.
264 _aHarare:
_bSapes Books,
_c1997
300 _av, 207 p. :
_bill.
440 0 _aSouthern Africa specialised studies series
500 _a"SAPES Trust"--P. [4] of cover.
500 _a"Southern African Regional Institute for Policy Studies ..."-- Ser. t.p.
500 _aBased on author's thesis (doctoral)--University of Cambridge, U.K.
504 _aIncludes bibliographical references (p. [189]-202) and indexes.
650 0 _aWomen teachers
650 0 _aApartheid
710 2 _aSAPES Trust.
710 2 _aSouthern Africa Regional Institute for Policy Studies.
942 _2lcc
_cBK
_h2832.4
_iMAH
_kLB